00350 a2200109 4500001001000000005001700010008004100027245008400068100002600152773004500178999001700223ART_5051420260410162043.0260409a 10aAspectos relevantes del régimen promocional de la economía del conocimiento1 aCoronello, Silvina E.0 tImpuestosg- N°67 (ene. 2020)wREV45175 c35093d35093